| 000 | 00572cam a2200217 a 4500 | ||
|---|---|---|---|
| 001 | 3806581 | ||
| 005 | 20180222080518.0 | ||
| 008 | 851209s1986 enka b 001 0 eng | ||
| 010 | _a 85029590 | ||
| 020 |
_a0471909890 (pbk.) : _c$17.88 |
||
| 040 |
_aDLC _cDLC _dDLC |
||
| 041 | _aeng | ||
| 080 | _a006.66 AMM | ||
| 082 | 0 | 0 |
_a006.66 AMM _219 |
| 100 | 1 | _a28 | |
| 101 | _aSHK | ||
| 245 | 1 | 0 |
_aProgramming principles in computer graphics / _cL. Ammeraal. |
| 504 | _aBibliography: p. 166. | ||
| 906 |
_a7 _bcbc _corignew _d1 _eocip _f19 _gy-gencatlg |
||
| 942 |
_2ddc _cBK |
||
| 999 |
_c43199 _d43199 |
||